000 01061nam a22003737a 4500
001 BR7400477
003 BR-BrBNA
005 20230928084518.0
007 ta
008 230509b bl.||||| |||| 00| 0 por d
040 _aBR-BrBNA
_bpor
_cBiblioteca Nacional de Agricultura
041 _a(Por)
072 _aF30; E70
_b0430
_b/G514
090 _ 0430 BR7400477
100 1 _aRocha, M.
100 1 _aBarbosa, F.M.
100 1 _aCavalcante, F.
100 1 _aBarr, G.W.
100 1 _aFaria, C.V.
100 1 _aOrrico, J.A.R.
110 1 _aBanco do nordeste do Brasil S.A., Fortaleza, CE. Depto. de Estudos Economicos do Nordeste
_91157
245 1 _aO que e o algodao moco melhorado [Gossypium hirsutum marie galante, Brasil]
260 3 _aFortaleza, CE (Brasil):
_c1962.
300 _a44 p.
500 _aSummary (Eng); 28 illus.
650 _aALGODAO
650 _aPLANTA TEXTIL
650 _aFIBRA
650 _aFIACAO
650 _aMELHORAMENTO VEGETAL
650 _aMERCADO
909 _a202309
_bLucia
_c55
_dLucia Elande
942 _cBK
999 _c19455
_d19455